[Event "Rated Blitz game"]
[Site "?"]
[Date "2021.02.23"]
[Round "?"]
[White "RatzFatzWeg"]
[Black "batasjon"]
[Result "1-0"]
[WhiteElo "2422"]
[BlackElo "2354"]
[PlyCount "63"]
[EventDate "2021.??.??"]
[EventType "blitz"]

1. e4 e5 2. Nf3 d5 3. exd5 e4 4. Qe2 Nf6 5. d3 Bb4+ 6. Nbd2 O-O 7. dxe4 Re8 8.
c3 Bc5 9. Qc4 b6 10. Nd4 Nxe4 11. Nxe4 Rxe4+ 12. Be3 Qe8 13. O-O-O Bf5 14. Nxf5
Rxc4 15. Bxc4 Bxe3+ 16. Nxe3 Nd7 17. Rhe1 Qe4 18. Bb5 Nc5 19. Rd4 Qg6 20. d6 a6
21. dxc7 Ne6 22. Bd3 Qg5 23. Rd5 Qf6 24. Rf5 Qe7 25. Nd5 Qd6 26. Be4 Nxc7 27.
Nxc7 Qxc7 28. Bxa8 g6 29. Rf3 Qc8 30. Bd5 Qg4 31. Kb1 h5 32. Rxf7 {Time forfeit
} 1-0

[Event "Rated Blitz game"]
[Site "?"]
[Date "2021.02.23"]
[Round "?"]
[White "dalmatinac101"]
[Black "Erow"]
[Result "1-0"]
[WhiteElo "2749"]
[BlackElo "2670"]
[PlyCount "101"]
[EventDate "2021.??.??"]
[EventType "blitz"]

1. e4 e5 2. Nf3 d5 3. exd5 e4 4. Qe2 Nf6 5. d3 Bb4+ 6. c3 O-O 7. dxe4 Bc5 8.
Bg5 Nbd7 9. Nbd2 Re8 10. O-O-O h6 11. Bh4 Be7 12. g4 Nxd5 13. Bxe7 Rxe7 14. Nc4
Nf4 15. Qd2 Ng6 16. h4 Rxe4 17. Bd3 Rxg4 18. h5 Ngf8 19. Nce5 Ra4 20. Rhg1 Qf6
21. Ng4 Rxg4 22. Rxg4 Nc5 23. Rg3 Nxd3+ 24. Qxd3 Bf5 25. Qd4 Qxd4 26. Nxd4 Bd7
27. Rdg1 g6 28. f4 Kh7 29. hxg6+ fxg6 30. Re1 Re8 31. Rxe8 Bxe8 32. Re3 Bd7 33.
Re7+ Kg8 34. Kd2 h5 35. Ke3 h4 36. Kf2 c5 37. Nf3 h3 38. Kg3 Bc6 39. Ne5 Bg2
40. c4 b6 41. Ng4 Nh7 42. Rxa7 g5 43. f5 Nf8 44. Nf6+ Kh8 45. a3 Bf1 46. b3 Be2
47. Kxh3 Bd3 48. Kg4 Bc2 49. Kxg5 Bd1 50. Kh6 Bc2 51. Rg7 {Normal} 1-0

[Event "Rated Blitz game"]
[Site "?"]
[Date "2021.02.23"]
[Round "?"]
[White "Eggplant"]
[Black "batasjon"]
[Result "0-1"]
[WhiteElo "2520"]
[BlackElo "2365"]
[PlyCount "86"]
[EventDate "2021.??.??"]
[EventType "blitz"]

1. e4 e5 2. Nf3 d5 3. d4 dxe4 4. Nxe5 Bd6 5. Nc4 Nf6 6. Nc3 O-O 7. Be2 Nc6 8.
Bg5 Be7 9. d5 Nxd5 10. Qxd5 Bxg5 11. Qxd8 Bxd8 12. O-O-O f5 13. Kb1 Be6 14. f3
exf3 15. gxf3 Bf6 16. Nd5 Bxd5 17. Rxd5 Rfe8 18. Bd3 g6 19. h4 Nb4 20. Rd7 Nxd3
21. cxd3 Re7 22. Rxe7 Bxe7 23. h5 Kg7 24. Kc2 Bf6 25. b4 Re8 26. Kd2 Bg5+ 27.
Kd1 Re7 28. b5 Bf4 29. hxg6 hxg6 30. a4 g5 31. a5 Rd7 32. Kc2 Rd5 33. Rb1 b6
34. a6 g4 35. fxg4 fxg4 36. Rf1 Rf5 37. d4 Kg6 38. Kd3 Bh2 39. Rxf5 Kxf5 40.
Ne3+ Kg5 41. Ke4 Bd6 42. Nf5 Bf8 43. d5 Bc5 {Time forfeit} 0-1

[Event "Rated Blitz game"]
[Site "?"]
[Date "2021.02.23"]
[Round "?"]
[White "fito2"]
[Black "KamranShirazi"]
[Result "1-0"]
[WhiteElo "2423"]
[BlackElo "2492"]
[PlyCount "113"]
[EventDate "2021.??.??"]
[EventType "blitz"]

1. e4 e5 2. Nf3 d5 3. exd5 e4 4. Qe2 f5 5. d3 Nf6 6. dxe4 fxe4 7. Nc3 Bb4 8.
Bd2 O-O 9. Ng5 Bxc3 10. Bxc3 Nxd5 11. Nxe4 Nxc3 12. bxc3 Bf5 13. f3 Bxe4 14.
fxe4 Nc6 15. Rd1 Qf6 16. Qf3 Qh4+ 17. g3 Qh6 18. Bc4+ Kh8 19. Qe2 Ne5 20. Rf1
Qc6 21. Rd4 Rxf1+ 22. Kxf1 Rf8+ 23. Kg2 g6 24. Bb3 Qxc3 25. Qd2 Qf3+ 26. Kh3
Qh5+ 27. Kg2 Qf3+ 28. Kh3 Qg4+ 29. Kg2 Nf3 30. Qd1 Nh4+ 31. Kg1 Nf3+ 32. Kg2
Qh5 33. h4 Qg4 34. Rd3 Nxh4+ 35. Kg1 Nf3+ 36. Kg2 Ne5 37. Qa1 Qxe4+ 38. Kh3 Rf2
39. Rd8+ Kg7 40. Rg8+ Kf6 41. Rf8+ Ke7 42. Rxf2 c5 43. Rf4 Qe2 44. Qf1 Qxf1+
45. Rxf1 c4 46. Ba4 a6 47. c3 b5 48. Bc2 h5 49. Re1 Kf6 50. a3 g5 51. Rf1+ Ke6
52. Rf5 Ng4 53. Rxg5 Ne3 54. Be4 Kd6 55. Rxh5 Nd1 56. Rh6+ Kc7 57. Rh7+ {
Time forfeit} 1-0

[Event "Rated Blitz game"]
[Site "?"]
[Date "2021.02.23"]
[Round "?"]
[White "Zero_tolerance"]
[Black "khalid_ontawar"]
[Result "1-0"]
[WhiteElo "2402"]
[BlackElo "2311"]
[PlyCount "53"]
[EventDate "2021.??.??"]
[EventType "blitz"]

1. e4 e5 2. Nf3 d5 3. Nxe5 Qe7 4. d4 f6 5. Nd3 dxe4 6. Nc5 b6 7. Nb3 Bb7 8. Be3
Nd7 9. c4 O-O-O 10. Nc3 f5 11. Qd2 h6 12. h4 Ngf6 13. Be2 g6 14. O-O-O Bg7 15.
d5 Ne5 16. Nd4 Nfg4 17. Bxg4 Nxg4 18. Bf4 Rhe8 19. Ncb5 Be5 20. Nxa7+ Kb8 21.
Nac6+ Bxc6 22. Nxc6+ Kb7 23. Nxe7 Rxe7 24. Bxe5 Nxe5 25. Rhe1 Red7 26. Qd4 Nd3+
27. Rxd3 {Normal} 1-0

[Event "Rated Rapid game"]
[Site "?"]
[Date "2021.02.23"]
[Round "?"]
[White "Jotheboss"]
[Black "Musfer123"]
[Result "0-1"]
[WhiteElo "2459"]
[BlackElo "2389"]
[PlyCount "68"]
[EventDate "2021.??.??"]
[EventType "rapid"]

1. e4 e5 2. Nf3 d5 3. exd5 e4 4. Qe2 Nf6 5. Nc3 Be7 6. Nxe4 O-O 7. d3 Re8 8.
Be3 Nxd5 9. g3 Nxe3 10. fxe3 Bf5 11. O-O-O c5 12. Nc3 Nc6 13. Qf2 b5 14. e4 Bg4
15. Be2 Rb8 16. Kb1 b4 17. Nd5 Qa5 18. Nd2 Be6 19. Nb3 Qd8 20. Bf3 Rb5 21. Nf4
Bxb3 22. axb3 Bf6 23. Nd5 Bd4 24. Qd2 a5 25. Rhf1 Rb7 26. Ne3 Rd7 27. Bg4 Ra7
28. Nf5 a4 29. bxa4 Rxa4 30. Nxd4 Qa5 31. Nb3 Ra8 32. Nxa5 R4xa5 33. c4 Ra1+
34. Kc2 Nd4# {Normal} 0-1

[Event "Rated Blitz game"]
[Site "?"]
[Date "2021.02.23"]
[Round "?"]
[White "Dark-Priest"]
[Black "KamranShirazi"]
[Result "0-1"]
[WhiteElo "2477"]
[BlackElo "2474"]
[PlyCount "88"]
[EventDate "2021.??.??"]
[EventType "blitz"]

1. e4 e5 2. Nf3 d5 3. Nxe5 Bd6 4. d4 dxe4 5. Bc4 Bxe5 6. Qh5 Qe7 7. Qxe5 Qxe5
8. dxe5 Nc6 9. Nc3 Nxe5 10. Bb3 Bf5 11. Bf4 f6 12. O-O-O Ne7 13. Rhe1 Rd8 14.
Rxd8+ Kxd8 15. Nxe4 N7g6 16. Bg3 Bxe4 17. Rxe4 Re8 18. Rd4+ Kc8 19. a4 b6 20.
h4 c5 21. Rd1 h5 22. Bd5 Re7 23. c4 Kc7 24. Kc2 Nf8 25. f4 Ng4 26. f5+ Kc8 27.
Bf4 Ne3+ 28. Bxe3 Rxe3 29. Bf3 Nd7 30. Bxh5 Ne5 31. b3 Re4 32. g3 Re3 33. Rg1
Kc7 34. Kd2 Rxb3 35. Bd1 Nxc4+ 36. Kc2 Re3 37. Bg4 Ne5 38. Bh3 c4 39. Ra1 Nd3
40. Bf1 Nb4+ 41. Kd2 Rb3 42. Bxc4 Rb2+ 43. Kc3 Rb1 44. Rxb1 Nd5+ {Time forfeit}
0-1

[Event "Rated Blitz game"]
[Site "?"]
[Date "2021.02.23"]
[Round "?"]
[White "samuel2900"]
[Black "Schachelite"]
[Result "1-0"]
[WhiteElo "2412"]
[BlackElo "2483"]
[PlyCount "51"]
[EventDate "2021.??.??"]
[EventType "blitz"]

1. e4 e5 2. Nf3 d5 3. Nxe5 Bd6 4. d4 dxe4 5. Qh5 g6 6. Qe2 Qe7 7. Nc3 Bxe5 8.
dxe5 Qxe5 9. Qxe4 Qxe4+ 10. Nxe4 Bf5 11. Bd3 Nc6 12. Bf4 O-O-O 13. O-O-O Nge7
14. a3 h6 15. Rhe1 Nd5 16. Bd2 g5 17. f3 Be6 18. Nc3 Nf4 19. Bxf4 gxf4 20. Ne4
Rhg8 21. Rd2 Bf5 22. Nf6 Rg5 23. h4 Bxd3 24. hxg5 Bf5 25. Rxd8+ Nxd8 26. gxh6 {
Normal} 1-0

[Event "Rated Blitz game"]
[Site "?"]
[Date "2021.02.23"]
[Round "?"]
[White "dalmatinac101"]
[Black "Erow"]
[Result "0-1"]
[WhiteElo "2751"]
[BlackElo "2667"]
[PlyCount "60"]
[EventDate "2021.??.??"]
[EventType "blitz"]

1. e4 e5 2. Nf3 d5 3. exd5 e4 4. Qe2 Nf6 5. d3 Bb4+ 6. c3 O-O 7. dxe4 Bc5 8.
Nbd2 Re8 9. Qc4 b6 10. b4 Ba6 11. b5 Bb7 12. Be2 Nxe4 13. Nxe4 Bxd5 14. Nf6+
gxf6 15. Qg4+ Kh8 16. Bh6 Rg8 17. Qh4 Qe7 18. O-O Nd7 19. Rae1 Rxg2+ 20. Kxg2
Rg8+ 21. Qg3 Rxg3+ 22. fxg3 Ne5 23. Bf4 Kg7 24. Bd1 Qd6 25. Kh3 Qd7+ 26. Kg2
Nd3 27. Re2 Nxf4+ 28. gxf4 Qg4+ 29. Kh1 Bxf3+ 30. Rxf3 Qg1# {Normal} 0-1

[Event "Rated Blitz game"]
[Site "?"]
[Date "2021.02.23"]
[Round "?"]
[White "fito2"]
[Black "KamranShirazi"]
[Result "1-0"]
[WhiteElo "2426"]
[BlackElo "2491"]
[PlyCount "71"]
[EventDate "2021.??.??"]
[EventType "blitz"]

1. e4 e5 2. Nf3 d5 3. exd5 e4 4. Qe2 Nf6 5. Nc3 Be7 6. Nxe4 Nxd5 7. d3 O-O 8.
Bd2 Re8 9. O-O-O f5 10. Be1 Bd6 11. Kb1 fxe4 12. dxe4 Nb6 13. e5 Bf5 14. Qd2
Be7 15. Nd4 Bg6 16. f4 Nc6 17. Nxc6 bxc6 18. Qe2 Qc8 19. g4 Rb8 20. f5 Na4 21.
Qc4+ Bf7 22. Qxa4 Bd5 23. Bc4 Qb7 24. Bxd5+ cxd5 25. Qb3 Qa6 26. Qxd5+ Kh8 27.
Bc3 Bb4 28. Bxb4 Rxb4 29. Rd4 Rb5 30. Qc4 Rxb2+ 31. Kxb2 Qb7+ 32. Qb3 Qxh1 33.
e6 Qxh2 34. Rb4 c5 35. Rb7 Qh5 36. gxh5 {Normal} 1-0

[Event "Rated Blitz game"]
[Site "?"]
[Date "2021.02.23"]
[Round "?"]
[White "fito2"]
[Black "KamranShirazi"]
[Result "1-0"]
[WhiteElo "2402"]
[BlackElo "2516"]
[PlyCount "57"]
[EventDate "2021.??.??"]
[EventType "blitz"]

1. e4 e5 2. Nf3 d5 3. exd5 e4 4. Qe2 f5 5. d3 Nf6 6. Nc3 Bb4 7. Nd2 O-O 8. dxe4
Bxc3 9. bxc3 Nxe4 10. Nxe4 Re8 11. Be3 Rxe4 12. O-O-O Qe7 13. Qf3 Qa3+ 14. Kd2
Nd7 15. Bd4 c5 16. dxc6 bxc6 17. Bc4+ Kh8 18. Qxf5 Rxd4+ 19. cxd4 Qb4+ 20. Kd3
Nb6 21. Be6 Ba6+ 22. Ke3 Rf8 23. Qc5 Qxc5 24. dxc5 Re8 25. cxb6 Rxe6+ 26. Kf4
Rf6+ 27. Kg3 Rg6+ 28. Kf4 Rf6+ 29. Ke5 {Normal} 1-0

[Event "Rated Blitz game"]
[Site "?"]
[Date "2021.02.23"]
[Round "?"]
[White "checkomatto"]
[Black "Schachelite"]
[Result "1-0"]
[WhiteElo "2432"]
[BlackElo "2493"]
[PlyCount "75"]
[EventDate "2021.??.??"]
[EventType "blitz"]

1. e4 e5 2. Nf3 d5 3. exd5 e4 4. Qe2 Nf6 5. Nc3 Be7 6. Nxe4 O-O 7. d3 Re8 8.
Be3 Nxd5 9. O-O-O f5 10. Bd4 fxe4 11. dxe4 Bg5+ 12. Kb1 Nf4 13. Qd2 Nc6 14.
Nxg5 Qxg5 15. Be3 Rf8 16. g3 Be6 17. gxf4 Qh5 18. Bd3 Rad8 19. Rhg1 Qf7 20. a3
Nd4 21. Qc3 c5 22. Qxc5 b6 23. Qc3 Nf3 24. Rg3 Rc8 25. Qb4 Nh4 26. Rdg1 g6 27.
f5 Bc4 28. Bg5 Bxd3 29. cxd3 Nxf5 30. exf5 Qxf5 31. Bh6 Rf7 32. Ka1 Qxf2 33.
Qb3 Qf5 34. Bd2 Qc5 35. Bc3 Qc6 36. h4 a5 37. h5 a4 38. Qa2 {Time forfeit} 1-0

[Event "Rated Blitz game"]
[Site "?"]
[Date "2021.02.23"]
[Round "?"]
[White "Arps89"]
[Black "Schachelite"]
[Result "1-0"]
[WhiteElo "2409"]
[BlackElo "2490"]
[PlyCount "143"]
[EventDate "2021.??.??"]
[EventType "blitz"]

1. e4 e5 2. Nf3 d5 3. exd5 e4 4. Ne5 Qxd5 5. d4 exd3 6. Nxd3 Nf6 7. Nc3 Qf5 8.
Be2 Be6 9. O-O Nbd7 10. Bf3 c6 11. Re1 Be7 12. Bf4 O-O 13. Ne4 Nxe4 14. Bxe4
Qb5 15. b3 Nf6 16. c4 Qa5 17. Bf3 Rad8 18. Qe2 Rfe8 19. Rad1 h6 20. h3 Bf5 21.
Ne5 Bb4 22. Rxd8 Qxd8 23. Rd1 Qe7 24. Qb2 Ne4 25. Ng4 Nc3 26. Rc1 Ne2+ 27. Bxe2
Qxe2 28. Qd4 Bxg4 29. hxg4 Qxg4 30. Be3 Qxd4 31. Bxd4 a6 32. Be3 f5 33. g3 Kf7
34. Rd1 Re7 35. Rd8 g5 36. Kg2 Ba5 37. Rh8 Kg6 38. Rg8+ Rg7 39. Rb8 h5 40. Bd4
Rd7 41. Be5 Bb6 42. f4 g4 43. Rg8+ Kf7 44. Rg5 Rd2+ 45. Kf1 h4 46. gxh4 Rxa2
47. h5 Rh2 48. Rxf5+ Ke6 49. Rg5 Rxh5 50. Rxh5 g3 51. Rg5 Bf2 52. Kg2 b5 53.
Kf3 bxc4 54. bxc4 a5 55. Rg6+ Kf5 56. Rxc6 g2 57. Kxg2 Ke4 58. Ra6 Be3 59. Rxa5
Bc5 60. Ra6 Kd3 61. Rh6 Kxc4 62. Rh3 Be3 63. Rf3 Kd3 64. Kh3 Ke4 65. Rxe3+ Kxe3
66. f5 Ke4 67. f6 Kxe5 68. f7 Ke6 69. f8=Q Kd5 70. Qf2 Ke4 71. Kg2 Kd5 72. Qf3+
{Time forfeit} 1-0

[Event "Rated Rapid game"]
[Site "?"]
[Date "2021.02.23"]
[Round "?"]
[White "emmerich1992"]
[Black "Musfer123"]
[Result "0-1"]
[WhiteElo "2245"]
[BlackElo "2422"]
[PlyCount "50"]
[EventDate "2021.??.??"]
[EventType "rapid"]

1. e4 e5 2. Nf3 d5 3. Nxe5 Bd6 4. d4 dxe4 5. Bc4 Bxe5 6. dxe5 Qxd1+ 7. Kxd1 Nc6
8. Bd5 Bg4+ 9. Ke1 O-O-O 10. f3 exf3 11. Bxc6 bxc6 12. gxf3 Bxf3 13. Rg1 g6 14.
Kf2 Bd5 15. Nc3 f6 16. exf6 Nxf6 17. Bg5 Rhf8 18. Ke3 Rde8+ 19. Kd4 Rd8 20. Ke3
Rd6 21. Bxf6 Rdxf6 22. Nxd5 cxd5 23. Rad1 Rf3+ 24. Kd4 R3f4+ 25. Kxd5 R8f5+ {
Normal} 0-1

[Event "Rated Blitz game"]
[Site "?"]
[Date "2021.02.23"]
[Round "?"]
[White "Wea_pawn"]
[Black "KamranShirazi"]
[Result "1-0"]
[WhiteElo "2488"]
[BlackElo "2508"]
[PlyCount "69"]
[EventDate "2021.??.??"]
[EventType "blitz"]

1. e4 e5 2. Nf3 d5 3. d4 dxe4 4. Nxe5 Nd7 5. Qe2 Nxe5 6. Qxe4 Nf6 7. Qxe5+ Be6
8. Bc4 Bd6 9. Qe2 O-O 10. Bxe6 Re8 11. Bxf7+ Kxf7 12. Be3 Bf4 13. O-O Bxe3 14.
fxe3 Qxd4 15. exd4 Rxe2 16. Na3 Rd8 17. Rad1 Kg6 18. Rf2 Re4 19. c3 c5 20. Nc2
Ng4 21. Rfd2 cxd4 22. Rxd4 Rdxd4 23. Nxd4 b5 24. h3 Nf6 25. Rd2 Re1+ 26. Kh2
Ra1 27. a3 a6 28. Nb3 Rb1 29. Nc5 a5 30. Nb3 b4 31. axb4 axb4 32. cxb4 Re1 33.
Nc5 Rc1 34. Nd3 Rc4 35. Ne5+ {Normal} 1-0

[Event "Rated Blitz game"]
[Site "?"]
[Date "2021.02.23"]
[Round "?"]
[White "fonso96"]
[Black "annaly1979"]
[Result "0-1"]
[WhiteElo "2415"]
[BlackElo "2350"]
[PlyCount "66"]
[EventDate "2021.??.??"]
[EventType "blitz"]

1. e4 e5 2. Nf3 d5 3. Nxe5 Qe7 4. Nf3 dxe4 5. Nd4 f5 6. Nc3 Nf6 7. Be2 a6 8. a4
Qe5 9. Nb3 Bd6 10. d4 exd3 11. Qxd3 O-O 12. Be3 Nc6 13. O-O-O Nb4 14. Qd2 Be6
15. Rhe1 f4 16. Bd4 Qf5 17. Bf3 Bxb3 18. cxb3 Rad8 19. Qe2 Rde8 20. Qc4+ Kh8
21. Re2 b5 22. axb5 axb5 23. Nxb5 Na2+ 24. Kd2 Bb4+ 25. Bc3 Rxe2+ 26. Kxe2 Bxc3
27. bxc3 Qxb5 28. Rd4 Qe5+ 29. Kd2 c5 30. Rxf4 Nxc3 31. Rxf6 Nb1+ 32. Kc2 Na3+
33. Kd3 Rd8+ {Time forfeit} 0-1

[Event "Rated Blitz game"]
[Site "?"]
[Date "2021.02.23"]
[Round "?"]
[White "e4c5g3"]
[Black "Schachelite"]
[Result "0-1"]
[WhiteElo "2407"]
[BlackElo "2477"]
[PlyCount "88"]
[EventDate "2021.??.??"]
[EventType "blitz"]

1. e4 e5 2. Nf3 d5 3. d4 dxe4 4. Nxe5 Bd6 5. Nc4 Nf6 6. Nxd6+ Qxd6 7. h3 O-O 8.
Be3 Nc6 9. c3 Ne7 10. Nd2 b6 11. Nc4 Qe6 12. Qc2 Bb7 13. O-O-O Nfd5 14. Kb1 f5
15. g3 Nxe3 16. Nxe3 Kh8 17. Bc4 Bd5 18. Nxd5 Nxd5 19. Rde1 c6 20. g4 b5 21.
Bb3 Rae8 22. gxf5 Qxf5 23. Bxd5 cxd5 24. Re2 a5 25. Qd2 e3+ 26. Qc2 Qxc2+ 27.
Kxc2 exf2 28. Rxe8 Rxe8 29. Kd2 g5 30. Rf1 Rf8 31. Ke3 Kg7 32. Rxf2 Rxf2 33.
Kxf2 Kf6 34. Ke3 h5 35. Kd3 Kf5 36. a4 bxa4 37. c4 dxc4+ 38. Kxc4 Ke6 39. d5+
Kd6 40. Kd4 g4 41. hxg4 hxg4 42. Ke4 g3 43. Kf3 Kxd5 44. Kxg3 Kc4 {Normal} 0-1

[Event "Rated Blitz game"]
[Site "?"]
[Date "2021.02.23"]
[Round "?"]
[White "hbones"]
[Black "CristianS27"]
[Result "0-1"]
[WhiteElo "2324"]
[BlackElo "2429"]
[PlyCount "98"]
[EventDate "2021.??.??"]
[EventType "blitz"]

1. e4 e5 2. Nf3 d5 3. Nxe5 dxe4 4. d4 Nd7 5. Nc4 Nb6 6. Nc3 Nf6 7. Bg5 Bf5 8.
Be2 Nxc4 9. Bxc4 Bd6 10. O-O h6 11. Bh4 O-O 12. Nd5 g5 13. Nxf6+ Qxf6 14. Bg3
Rad8 15. c3 c5 16. Qb3 b6 17. Bxd6 Qxd6 18. Rad1 cxd4 19. Rxd4 Qe5 20. Rxd8
Rxd8 21. Bxf7+ Kg7 22. Bh5 Be6 23. Qa3 Rd7 24. Re1 a5 25. Be8 Rd6 26. Ba4 Kf6
27. Bb3 Bxb3 28. Qxb3 Qd5 29. Qc2 Qd3 30. Qb3 Qd5 31. Qc2 h5 32. h3 Qd3 33. Qb3
Qd5 34. Re3 Qxb3 35. axb3 Rd2 36. Rxe4 Rxb2 37. b4 a4 38. b5 a3 39. Ra4 a2 40.
Kh2 Rxf2 41. Kg3 Rc2 42. c4 Ke5 43. Kf3 Kd4 44. g4 h4 45. c5+ Kxc5 46. Ke4 Kxb5
47. Ra8 Kb4 48. Kf5 Rc5+ 49. Kg6 Ra5 {Normal} 0-1

[Event "Rated Blitz game"]
[Site "?"]
[Date "2021.02.23"]
[Round "?"]
[White "Checksum"]
[Black "Jenlen3001"]
[Result "0-1"]
[WhiteElo "2451"]
[BlackElo "2562"]
[PlyCount "122"]
[EventDate "2021.??.??"]
[EventType "blitz"]

1. e4 e5 2. Nf3 d5 3. d3 Nc6 4. Nc3 Bb4 5. exd5 Qxd5 6. a3 Bxc3+ 7. bxc3 Nf6 8.
c4 Qd6 9. Bg5 e4 10. dxe4 Nxe4 11. Qxd6 Nxd6 12. Bd3 Be6 13. c5 Nf5 14. O-O-O
f6 15. Bd2 O-O-O 16. Bc3 Rhe8 17. Rhe1 Bd7 18. Rxe8 Rxe8 19. Bxf5 Bxf5 20. Nd4
Nxd4 21. Bxd4 h5 22. Be3 h4 23. g3 h3 24. Rd4 g5 25. Kb2 Re5 26. Rd1 Re4 27.
Rd4 Re6 28. Kb3 Be4 29. c3 g4 30. a4 f5 31. a5 Rc6 32. Bg5 b5 33. cxb6 axb6 34.
axb6 Rxb6+ 35. Rb4 Ra6 36. Kb2 Kd7 37. Be3 Ra5 38. Rd4+ Ke6 39. Rb4 c5 40. Rb6+
Kd5 41. Kb3 Bd3 42. Rb8 Ke4 43. Rc8 c4+ 44. Kb4 Ra1 45. Kc5 Kf3 46. Re8 Kg2 47.
Bd4 Kxh2 48. f3 Kxg3 49. fxg4 f4 50. Be5 h2 51. Rh8 h1=Q 52. Rxh1 Rxh1 53. g5
Kg4 54. g6 Bxg6 55. Kd4 f3 56. Ke3 Re1+ 57. Kf2 Rxe5 58. Kf1 Re2 59. Kg1 Kg3
60. Kf1 Bf5 61. Kg1 Re1# {Normal} 0-1

[Event "Rated Blitz game"]
[Site "?"]
[Date "2021.02.23"]
[Round "?"]
[White "strvhztklnlqzrthkrtn"]
[Black "Schachelite"]
[Result "0-1"]
[WhiteElo "2618"]
[BlackElo "2479"]
[PlyCount "28"]
[EventDate "2021.??.??"]
[EventType "blitz"]

1. e4 e5 2. Nf3 d5 3. exd5 e4 4. Qe2 Nf6 5. Nc3 Be7 6. Nxe4 O-O 7. d3 Re8 8.
Qd1 Qxd5 9. Be2 Nxe4 10. dxe4 Qxe4 11. O-O Bd6 12. Re1 Bg4 13. Bg5 Nc6 14. Bh4
Bxf3 {Normal} 0-1

[Event "Rated Blitz game"]
[Site "?"]
[Date "2021.02.23"]
[Round "?"]
[White "KreuzritterImZoo"]
[Black "Schachelite"]
[Result "1-0"]
[WhiteElo "2680"]
[BlackElo "2473"]
[PlyCount "57"]
[EventDate "2021.??.??"]
[EventType "blitz"]

1. e4 e5 2. Nf3 d5 3. exd5 e4 4. Qe2 Nf6 5. d3 Qxd5 6. Nc3 Bb4 7. Nd2 Bxc3 8.
bxc3 O-O 9. dxe4 Qe5 10. Bb2 Re8 11. f3 Nc6 12. Qb5 Qf4 13. Be2 a6 14. Qc5 Be6
15. Nb3 Rad8 16. O-O Bxb3 17. axb3 Re5 18. Qf2 Rh5 19. g3 Qd2 20. Bd3 Qxf2+ 21.
Rxf2 Ne5 22. Rd1 Nxd3 23. Rxd3 Rxd3 24. cxd3 Rb5 25. b4 a5 26. Rc2 axb4 27.
cxb4 c5 28. Rxc5 Rxb4 29. Rc8+ {Normal} 1-0

[Event "Rated Blitz game"]
[Site "?"]
[Date "2021.02.23"]
[Round "?"]
[White "lionking15"]
[Black "Fantastic_power06"]
[Result "0-1"]
[WhiteElo "2480"]
[BlackElo "2606"]
[PlyCount "48"]
[EventDate "2021.??.??"]
[EventType "blitz"]

1. e4 e5 2. Nf3 d5 3. Nxe5 Bd6 4. d4 dxe4 5. Nc4 Nc6 6. Nc3 Bf5 7. Ne3 Bg6 8.
Bb5 a6 9. Ba4 b5 10. Nxb5 axb5 11. Bxb5 Nge7 12. d5 O-O 13. dxc6 f5 14. g3 Qb8
15. c4 f4 16. gxf4 Bxf4 17. Nd5 Nxd5 18. Qxd5+ Kh8 19. Bxf4 Rxf4 20. a4 Qb6 21.
Rf1 e3 22. O-O-O e2 23. Rfe1 exd1=R+ 24. Rxd1 Qxf2 {Normal} 0-1

[Event "Rated Blitz game"]
[Site "?"]
[Date "2021.02.23"]
[Round "?"]
[White "Naruto_69"]
[Black "JHUNJiGz"]
[Result "1-0"]
[WhiteElo "2482"]
[BlackElo "2395"]
[PlyCount "27"]
[EventDate "2021.??.??"]
[EventType "blitz"]

1. e4 e5 2. Nf3 d5 3. Nxe5 dxe4 4. d4 Bd6 5. Nc4 Nc6 6. c3 f5 7. Nxd6+ Qxd6 8.
Nd2 Nf6 9. g3 Be6 10. Nc4 Bxc4 11. Bxc4 O-O-O 12. a4 Ne5 13. Be2 Ng6 14. Qb3 {
Time forfeit} 1-0

[Event "Rated Blitz game"]
[Site "?"]
[Date "2021.02.23"]
[Round "?"]
[White "evg_alt"]
[Black "JHUNJiGz"]
[Result "1-0"]
[WhiteElo "2273"]
[BlackElo "2412"]
[PlyCount "117"]
[EventDate "2021.??.??"]
[EventType "blitz"]

1. e4 e5 2. Nf3 d5 3. d3 dxe4 4. dxe4 Qxd1+ 5. Kxd1 Nc6 6. c3 Bg4 7. Kc2 Nf6 8.
Nbd2 O-O-O 9. h3 Bh5 10. Bb5 Bd6 11. Bxc6 bxc6 12. Re1 Bc5 13. Re2 Rhe8 14. g4
Bg6 15. Nh4 Be7 16. Nf5 Bf8 17. f3 h5 18. Nc4 hxg4 19. hxg4 Kb7 20. Be3 c5 21.
Rd1 Rxd1 22. Kxd1 Nd7 23. Rd2 Nb6 24. Na5+ Ka6 25. Nb3 Nc4 26. Re2 Kb5 27. Kc2
a5 28. Nd2 Nxe3+ 29. Rxe3 c4 30. Re2 Rd8 31. Ne3 f6 32. Nexc4 Bf7 33. Ne3 a4
34. b3 g6 35. Rh2 Bc5 36. Nec4 axb3+ 37. axb3 Ra8 38. Rh7 Bxc4 39. Nxc4 Ra2+
40. Kd3 Rf2 41. Nd2 c6 42. Rf7 Ba3 43. Rxf6 Bc1 44. Nc4 Bf4 45. Nd6+ Kb6 46.
Rxg6 Rxf3+ 47. Kc4 Bd2 48. Nc8+ Kc7 49. Ne7 Rxc3+ 50. Kb4 Kd7 51. Nf5 Re3+ 52.
Ka3 Rxe4 53. Rd6+ Kc7 54. Rxd2 Rxg4 55. Ne3 Re4 56. Nc4 c5 57. Rd5 Kc6 58. Rd6+
Kc7 59. Re6 {Normal} 1-0

[Event "Rated Blitz game"]
[Site "?"]
[Date "2021.02.23"]
[Round "?"]
[White "AyMisho"]
[Black "batasjon"]
[Result "1-0"]
[WhiteElo "2531"]
[BlackElo "2361"]
[PlyCount "55"]
[EventDate "2021.??.??"]
[EventType "blitz"]

1. e4 e5 2. Nf3 d5 3. Nxe5 Bd6 4. d4 dxe4 5. Nc4 Nf6 6. Nxd6+ Qxd6 7. Be2 O-O
8. O-O Rd8 9. c3 c5 10. dxc5 Qe7 11. Qb3 Nbd7 12. Be3 Nxc5 13. Qa3 b6 14. Nd2
Bb7 15. Nb3 Nfd7 16. Rad1 Bc6 17. Rd2 Qe5 18. Nxc5 Nxc5 19. Rxd8+ Rxd8 20. Qxa7
Nd3 21. Qxb6 Rc8 22. Rd1 h6 23. Qa6 Rc7 24. Bxd3 exd3 25. Qxd3 Rd7 26. Bd4 Qg5
27. Qg3 Qxg3 28. hxg3 {Normal} 1-0

[Event "Rated Blitz game"]
[Site "?"]
[Date "2021.02.23"]
[Round "?"]
[White "fito2"]
[Black "KamranShirazi"]
[Result "0-1"]
[WhiteElo "2428"]
[BlackElo "2489"]
[PlyCount "24"]
[EventDate "2021.??.??"]
[EventType "blitz"]

1. e4 e5 2. Nf3 d5 3. exd5 e4 4. Qe2 f5 5. d3 Nf6 6. Nc3 Bb4 7. Bd2 O-O 8. dxe4
fxe4 9. Ne5 Bxc3 10. Bxc3 Nxd5 11. O-O-O Nxc3 12. bxc3 Qg5+ {Normal} 0-1

[Event "Rated Blitz game"]
[Site "?"]
[Date "2021.02.23"]
[Round "?"]
[White "fito2"]
[Black "KamranShirazi"]
[Result "0-1"]
[WhiteElo "2410"]
[BlackElo "2507"]
[PlyCount "84"]
[EventDate "2021.??.??"]
[EventType "blitz"]

1. e4 e5 2. Nf3 d5 3. exd5 e4 4. Qe2 f5 5. d3 Nf6 6. Nc3 Bb4 7. Bd2 Bxc3 8.
Bxc3 O-O 9. dxe4 fxe4 10. Nd2 Nxd5 11. Nxe4 Nxc3 12. Nxc3 Re8 13. Ne4 Bf5 14.
f3 Bxe4 15. fxe4 Kh8 16. g3 Qd4 17. Bg2 Qxb2 18. O-O Nc6 19. Rab1 Qd4+ 20. Kh1
b6 21. Rbd1 Qa4 22. c3 Ne5 23. Rd5 c6 24. Rd4 Qa3 25. Qd2 Qe7 26. Rd1 h6 27. a4
Rf8 28. Qe2 Qc5 29. Qh5 Rae8 30. c4 Re7 31. h3 Ref7 32. Rd8 Rxd8 33. Rxd8+ Kh7
34. Rd1 Rf6 35. h4 Qd6 36. Rxd6 Ng4 37. Qxg4 Rxd6 38. e5 Rd2 39. Kh2 Kg8 40.
Qf5 Rd4 41. e6 Rf4 42. Qf7+ Rxf7 {Time forfeit} 0-1

[Event "Rated Blitz game"]
[Site "?"]
[Date "2021.02.23"]
[Round "?"]
[White "hicus"]
[Black "CzechProphylaxis"]
[Result "1-0"]
[WhiteElo "2400"]
[BlackElo "2338"]
[PlyCount "93"]
[EventDate "2021.??.??"]
[EventType "blitz"]

1. e4 e5 2. Nf3 d5 3. exd5 Bd6 4. d4 e4 5. Ne5 Nf6 6. c4 c5 7. dxc6 Nxc6 8.
Nxc6 bxc6 9. Be2 Rb8 10. Nc3 O-O 11. O-O Qc7 12. h3 Rd8 13. b3 Be5 14. Be3 c5
15. dxe5 Rxd1 16. Rfxd1 Qxe5 17. Rac1 Be6 18. Na4 Rc8 19. Rd2 g5 20. Rcd1 h5
21. Rd8+ Rxd8 22. Rxd8+ Kg7 23. Nxc5 Qa1+ 24. Kh2 Qxa2 25. Bf1 Bf5 26. Kg1 Kg6
27. Rd6 Be6 28. Nxe6 fxe6 29. Rxe6 Kf5 30. Re7 Qxb3 31. Rxa7 h4 32. Ra5+ Ke6
33. Rxg5 Qd1 34. Ra5 Qe1 35. Ra6+ Kf5 36. Rb6 Nd7 37. Rb5+ Ke6 38. Rh5 Ne5 39.
Rxh4 Kf5 40. Rh5+ Ke6 41. Rh6+ Kf5 42. g4+ Nxg4 43. hxg4+ Kxg4 44. Rg6+ Kf5 45.
Rg3 Qc3 46. Rg5+ Kf6 47. c5 {Normal} 1-0